who did that hip hop song? #4 - Statistics

General Stats
  • This quiz has been taken 109 times
  • The average score is 5 of 15
Answer Stats
Hint Answer % Correct
Thrift Shop Macklemore & Ryan Lewis ft. Wanz
87%
This is America Childish Gambino
71%
Crank That (______ ___) Soulja Boy
67%
I'll Be Missing You Puff Daddy with Faith Evans feat. 112
45%
Where is the Love? The Black Eyed Peas
44%
Clint Eastwood Gorillaz feat. Del the Funky Homosapien
42%
Can I Kick It? A Tribe Called Quest
29%
I'm Not a Player Big Pun
19%
Me Myself & I De La Soul
17%
The Breaks Kurtis Blow
13%
Sucker MCs Run DMC
12%
Play That Funky Music Vanilla Ice
11%
Gone till November Wyclef Jean
9%
Time: The Donut of the Heart J Dilla
5%
Fly Girl Queen Latifah
2%
No matching quizzes found
Score Distribution
Percent of People with Each Score
Percentile by Number Answered
Your Score History
You have not taken this quiz